HOSPITAL AND CLINICAL PHARMACY (Record no. 5891)

MARC details
000 -LEADER
fixed length control field 00389nam a22001577a 4500
005 - DATE AND TIME OF LATEST TRANSACTION
control field 20210828112231.0
008 - FIXED-LENGTH DATA ELEMENTS--GENERAL INFORMATION
fixed length control field 190529b xxu||||| |||| 00| 0 eng d
020 ## - INTERNATIONAL STANDARD BOOK NUMBER
ISBN 978-81-85790-66-4
041 ## - LANGUAGE CODE
Language code of text/sound track or separate title eng
100 ## - MAIN ENTRY--AUTHOR NAME
Personal name PATIL ,D.J &others
245 ## - TITLE STATEMENT
Title HOSPITAL AND CLINICAL PHARMACY
250 ## - EDITION STATEMENT
Edition statement 8th, ED., 2019
260 ## - PUBLICATION, DISTRIBUTION, ETC. (IMPRINT)
Place of publication PUNE
Name of publisher NIRALI PRAKASHAN
300 ## - PHYSICAL DESCRIPTION
Number of Pages 10.4p,
942 ## - ADDED ENTRY ELEMENTS (KOHA)
Koha item type Books
Holdings
Lost status Damaged status Collection code Home library Current library Shelving location Date acquired Source of acquisition Cost, normal purchase price Accession Number Koha item type
    PHARMACY JRU Library JRU Library SHELF-19-F 29/05/2019 PURCHESS 170.00 22836 Books
    PHARMACY JRU Library JRU Library SHELF - 19 - H 29/05/2019 PURCHESS 170.00 22837 Books
    Reference JRU Library JRU Library SHELF-4-C 29/05/2019 PURCHESS 170.00 22838 Books